000 00500nam a2200181Ia 4500
001 7537
005 20260306160502.0
008 260306t1999||||xx |||||||||||||| ||spa||
041 _aESP
082 _a339.46
_bD67 T. 1
100 _aComité Organizador del I Foro
_eAUT
245 0 _aDiálogo sobre experiencias y retos en la lucha contra la pobreza:
_bAnálisis y Plenarias
260 _c1999
300 _a232 páginas :
_c30 cm.
650 _aGEN
654 _aCAN
942 _cLIB
_dJUS
_fJUS
_2ddc
_n
999 _c7537
_d7537